| 000 | 00696nam a2200253Ia 4500 | ||
|---|---|---|---|
| 003 | OSt | ||
| 005 | 20220927112106.0 | ||
| 006 | a|||||r|||| 00| 0 | ||
| 007 | ta | ||
| 008 | 220926b |||||||| |||| 00| 0 eng d | ||
| 024 | _a103337 | ||
| 037 | _cReports | ||
| 040 |
_aRTL _cRTL _beng |
||
| 041 |
_2eng _aeng |
||
| 082 | _a"z.231.N56t5:g:X71, GD" | ||
| 110 |
_aBombay _9357243 |
||
| 245 | 0 | _aDetailed estimates of the second five year plan sc | |
| 260 |
_aBombay _bGovernment Central Press India |
||
| 490 | _v1959-60 | ||
| 650 | _aGeneralia | ||
| 700 |
_aBombay _9357245 |
||
| 942 |
_h"z.231.N56t5:g:X71, GD" _cCC |
||
| 999 |
_c699789 _d699789 |
||